没玩过这些地方,别再说你懂日本! (Record no. 68471)

000 -LEADER
fixed length control field 00525nam a22001817a 4500
003 - CONTROL NUMBER IDENTIFIER
control field MPLRDC
005 - DATE AND TIME OF LATEST TRANSACTION
control field 20220105061058.0
008 - FIXED-LENGTH DATA ELEMENTS--GENERAL INFORMATION
fixed length control field 210129b ||||| |||| 00| 0 eng d
020 ## - INTERNATIONAL STANDARD BOOK NUMBER
International Standard Book Number 978-957-13-6657-9
082 ## - DEWEY DECIMAL CLASSIFICATION NUMBER
Classification number 719.31 RXWE c.2
100 ## - MAIN ENTRY--PERSONAL NAME
Personal name 热血威尔 等
245 ## - TITLE STATEMENT
Title 没玩过这些地方,别再说你懂日本!
Statement of responsibility, etc. 林芳如 主编
250 ## - EDITION STATEMENT
Edition statement 初版一刷
260 ## - PUBLICATION, DISTRIBUTION, ETC.
Place of publication, distribution, etc. 台湾
Name of publisher, distributor, etc. 时报文化出版企业股份有限公司
Date of publication, distribution, etc. 2016
300 ## - PHYSICAL DESCRIPTION
Other physical details
650 ## - SUBJECT ADDED ENTRY--TOPICAL TERM
Topical term or geographic name entry element 日本游记
942 ## - ADDED ENTRY ELEMENTS (KOHA)
Koha item type Book
-- 719.31 RXWE c.2

No items available.

© 2022. Malaysian Public Library, Research and Development Centre. All Right ReservedE-mailmplrdc@help.edu.my 

Powered by Koha